Statistics for Top 10 Longest Rivers in European Union

Click here to take the quiz!

General Stats

  • This quiz has been taken 177 times
  • The average score is 6 of 10

Answer Stats

kmRiver% Correct
12,860Danube
94%
31,236Rhine
91%
10815Rhone
71%
71,012Loire
64%
41,091Elbe
63%
51,047Vistula
55%
9854Oder
41%
8960Ebro
33%
61,038Tagus
30%
21,358Tisza
9%

Score Distribution

Percentile by Number Answered

Percent of People with Each Score

Your Score History

You have not taken this quiz